Statistics for Pokemon Kanto Pokedex

Click here to take the quiz!

General Stats

  • This quiz has been taken 8 times
  • The average score is 108 of 151

Answer Stats

HintAnswer% Correct
ElectricPikachu
100%
PsychicAbra
83%
PsychicAlakazam
83%
Ice/FlyingArticuno
83%
Bug/PoisonBeedrill
83%
WaterBlastoise
83%
Grass/PoisonBulbasaur
83%
Bug/FlyingButterfree
83%
BugCaterpie
83%
NormalChansey
83%
Fire/FlyingCharizard
83%
FireCharmander
83%
FireCharmeleon
83%
NormalClefable
83%
NormalClefairy
83%
Water/IceDewgong
83%
GroundDiglett
83%
DragonDragonair
83%
Dragon/FlyingDragonite
83%
DragonDratini
83%
GroundDugtrio
83%
NormalEevee
83%
ElectricElectabuzz
83%
ElectricElectrode
83%
Normal/FlyingFearow
83%
FireFlareon
83%
Ghost/PoisonGastly
83%
Ghost/PoisonGengar
83%
Rock/GroundGeodude
83%
Grass/PoisonGloom
83%
Poison/FlyingGolbat
83%
WaterGolduck
83%
Rock/GroundGolem
83%
Rock/GroundGraveler
83%
PoisonGrimer
83%
Water/FlyingGyarados
83%
Ghost/PoisonHaunter
83%
FightingHitmonchan
83%
FightingHitmonlee
83%
WaterHorsea
83%
Grass/PoisonIvysaur
83%
NormalJigglypuff
83%
ElectricJolteon
83%
Ice/PsychicJynx
83%
PsychicKadabra
83%
Bug/PoisonKakuna
83%
Water/IceLapras
83%
FightingMachamp
83%
FightingMachoke
83%
FightingMachop
83%
WaterMagikarp
83%
FireMagmar
83%
Electric/SteelMagnemite
83%
Electric/SteelMagneton
83%
BugMetapod
83%
PsychicMew
83%
PsychicMewtwo
83%
Fire/FlyingMoltres
83%
PoisonMuk
83%
Poison/GroundNidoking
83%
Poison/GroundNidoqueen
83%
PoisonNidoran
83%
PoisonNidorina
83%
PoisonNidorino
83%
Grass/PoisonOddish
83%
Rock/WaterOmanyte
83%
Rock/WaterOmastar
83%
Rock/GroundOnix
83%
Normal/FlyingPidgeot
83%
Normal/FlyingPidgeotto
83%
Normal/FlyingPidgey
83%
FirePonyta
83%
WaterPsyduck
83%
ElectricRaichu
83%
FireRapidash
83%
WaterSeadra
83%
WaterSeel
83%
Normal/FlyingSpearow
83%
WaterSquirtle
83%
WaterVaporeon
83%
Grass/PoisonVenusaur
83%
Grass/PoisonVileplume
83%
ElectricVoltorb
83%
WaterWartortle
83%
Bug/PoisonWeedle
83%
NormalWigglytuff
83%
Electric/FlyingZapdos
83%
Poison/FlyingZubat
83%
Rock/FlyingAerodactyl
67%
PoisonArbok
67%
FireArcanine
67%
Water/IceCloyster
67%
Normal/FlyingDodrio
67%
Normal/FlyingDoduo
67%
PoisonEkans
67%
Grass/PsychicExeggcute
67%
Grass/PsychicExeggutor
67%
WaterGoldeen
67%
FireGrowlithe
67%
Rock/WaterKabuto
67%
Rock/WaterKabutops
67%
PoisonKoffing
67%
PsychicMr. Mime
67%
NormalPorygon
67%
NormalRaticate
67%
NormalRattata
67%
GroundSandshrew
67%
GroundSandslash
67%
WaterSeaking
67%
WaterShellder
67%
Water/PsychicStarmie
67%
WaterStaryu
67%
NormalTauros
67%
Grass/PoisonVictreebel
67%
Grass/PoisonWeepinbell
67%
PoisonWeezing
67%
Grass/PoisonBellsprout
50%
GroundCubone
50%
NormalDitto
50%
PsychicDrowzee
50%
PsychicHypno
50%
NormalKangaskhan
50%
FightingMankey
50%
GroundMarowak
50%
NormalMeowth
50%
FireNinetales
50%
Bug/GrassParas
50%
Bug/GrassParasect
50%
NormalPersian
50%
FightingPrimeape
50%
Bug/FlyingScyther
50%
Water/PsychicSlowbro
50%
Water/PsychicSlowpoke
50%
NormalSnorlax
50%
Water/PoisonTentacool
50%
Water/PoisonTentacruel
50%
FireVulpix
50%
WaterKingler
33%
WaterKrabby
33%
NormalLickitung
33%
BugPinsir
33%
WaterPoliwag
33%
WaterPoliwhirl
33%
Water/FightingPoliwrath
33%
Ground/RockRhydon
33%
Ground/RockRhyhorn
33%
GrassTangela
33%
Bug/PoisonVenomoth
33%
Bug/PoisonVenonat
33%
Normal/FlyingFarfeth'd
17%

Score Distribution

Percentile by Number Answered

Percent of People with Each Score

Your Score History

You have not taken this quiz